Capitalism and underdevelopment in Latin America; (Record no. 118242)
[ view plain ]
| 000 -LEADER | |
|---|---|
| fixed length control field | 00872cam a2200265 4500 |
| 001 - CONTROL NUMBER | |
| control field | 1010232 |
| 003 - CONTROL NUMBER IDENTIFIER | |
| control field | ARRUPE |
| 005 - DATE AND TIME OF LATEST TRANSACTION | |
| control field | 20131003173739.0 |
| 008 - FIXED-LENGTH DATA ELEMENTS--GENERAL INFORMATION | |
| fixed length control field | 780109c19691967nyu b 000 0 eng u |
| 035 ## - SYSTEM CONTROL NUMBER | |
| System control number | (OCoLC)ocm03545077 |
| 035 ## - SYSTEM CONTROL NUMBER | |
| System control number | (NNC)1010232 |
| 040 ## - CATALOGING SOURCE | |
| Transcribing agency | NJP |
| Modifying agency | OCL |
| -- | RQO |
| 050 ## - LIBRARY OF CONGRESS CALL NUMBER | |
| Classification number | HC165.F68 |
| 100 1# - MAIN ENTRY--PERSONAL NAME | |
| Personal name | Frank, Andre Gunder, |
| Dates associated with a name | 1929-2005. |
| 9 (RLIN) | 2088 |
| 245 10 - TITLE STATEMENT | |
| Title | Capitalism and underdevelopment in Latin America; |
| Remainder of title | historical studies of Chile and Brazil. |
| 260 ## - PUBLICATION, DISTRIBUTION, ETC. (IMPRINT) | |
| Place of publication, distribution, etc | New York: |
| Name of publisher, distributor, etc | Monthly Review Press, |
| Date of publication, distribution, etc | [1969] |
| 300 ## - PHYSICAL DESCRIPTION | |
| Extent | xxiii, 343 p.; 21 cm. |
| 500 ## - GENERAL NOTE | |
| General note | "First Modern Reader paperback edition 1969." |
| 504 ## - BIBLIOGRAPHY, ETC. NOTE | |
| Bibliography, etc | Bibliography: p. [319]-333. |
| 651 #0 - SUBJECT ADDED ENTRY--GEOGRAPHIC NAME | |
| Geographic name | Brazil |
| General subdivision | Economic conditions. |
| 9 (RLIN) | 2089 |
| 651 #0 - SUBJECT ADDED ENTRY--GEOGRAPHIC NAME | |
| Geographic name | Chile |
| General subdivision | Economic conditions. |
| 9 (RLIN) | 2090 |
| 651 #0 - SUBJECT ADDED ENTRY--GEOGRAPHIC NAME | |
| Geographic name | Latin America |
| General subdivision | Economic conditions. |
| 9 (RLIN) | 2091 |
| 942 ## - ADDED ENTRY ELEMENTS (KOHA) | |
| Source of classification or shelving scheme | Library of Congress Classification |
| Koha item type | Monograph ( Printed materials) |
| Withdrawn status | Lost status | Source of classification or shelving scheme | Damaged status | Not for loan | Home library | Current library | Shelving location | Date acquired | Total Checkouts | Full call number | Barcode | Date last seen | Price effective from | Koha item type |
|---|---|---|---|---|---|---|---|---|---|---|---|---|---|---|
| Library of Congress Classification | ARRUPE LIBRARY | ARRUPE LIBRARY | Main Collection | 03/10/2013 | HC165.F68 | 46410747 | 23/04/2018 | 03/10/2013 | Monograph ( Printed materials) |